| 000 | nam a22 7a 4500 | ||
|---|---|---|---|
| 999 |
_c233695 _d233695 |
||
| 003 | Nust | ||
| 005 | 20170310104942.0 | ||
| 008 | 170310b xxu||||| |||| 00| 0 eng d | ||
| 020 | _a978-15-7766455-0 | ||
| 040 | _cDLC | ||
| 082 | _a627 GUP | ||
| 245 |
_aHydrology and hydraulic systems / _cGupta, Ram S. |
||
| 260 |
_aLong Grove, Ill. : _bWaveland Press, |
||
| 300 | _axiv, 896 p. : | ||
| 942 |
_2ddc _cBK |
||